| 000 | 00482nam a22001577a 4500 | ||
|---|---|---|---|
| 020 | _qHBK. | ||
| 082 | _a658 | ||
| 100 | _aQadri, Usama | ||
| 245 |
_aImpact of Traditional and Social Media Communication on Purchase Intention _cUsama Qadri. |
||
| 260 |
_aIslamabad: _bNBS - NUST, _c2013. |
||
| 300 |
_a44 p. : ill. ; _c30cm. |
||
| 650 |
_aMBA Thesis. _917629 |
||
| 700 |
_aMs. Fatima Z. Nasir. _918699 |
||
| 942 |
_2ddc _cTHE |
||
| 999 |
_c527430 _d527430 |
||